| 000 | 01182cab a22002055a 4500 | ||
|---|---|---|---|
| 001 | L153290 | ||
| 008 | 110706e20110701xxk 000 0 eng d | ||
| 035 | _a(Sirsi) u153290 | ||
| 041 | 0 | _aeng | |
| 100 | 1 | _aEade, Christine | |
| 245 | 0 | 0 |
_aMarkets _bLeisure |
| 260 | _c2011 | ||
| 490 | 0 |
_aProperty Week _v 77(26) 1 July 2011, 51-56(4) |
|
| 520 | _aMixed fortunes for commercial development on courses in south-east England: Claudel's plans for a luxury hotel at Hersham Golf Course are turned down but London Golf Club near Sevenoaks gained permission for a 130-bedroom hotel on grounds within the green belt. New focus on children's entertainment to improve Birmingham's troubled leisure complex Star City. Wagamama and Patisserie Valerie food chains are going through a growth spurt nurtured by private equity owners. Pub closures halved last year to 25 a week. Reef Estate-owned Cycle park-gym hybrid H2bikerun has opened its first outlet in London. | ||
| 590 | _aKA | ||
| 651 | 4 |
_aUnited Kingdom _y |
|
| 690 | _aPROPERTY-COMMERCIAL PROPERTY-COMMERCIAL PROPERTY MARKET | ||
| 690 | _aPROPERTY-COMMERCIAL PROPERTY-COMMERCIAL PROPERTY FINANCE AND INVESTMENT | ||
| 942 | _n0 | ||
| 999 |
_c83254 _d83254 |
||